[Event "Vicente Lopez ProAm 100 Years op"]
[Site "Buenos Aires"]
[Date "2022.10.13"]
[Round "3"]
[White "Fier, Alexandr"]
[Black "Ambrogi, Agustin Tomas"]
[Result "1-0"]
[WhiteElo "2592"]
[BlackElo "2280"]
[PlyCount "55"]
[EventDate "2022.10.11"]
[EventType "swiss"]
[EventRounds "9"]
[EventCountry "ARG"]
[SourceTitle "CBM 210 Extra"]
[Source "ChessBase"]
[SourceDate "2022.11.30"]
[SourceVersion "1"]
[SourceVersionDate "2022.11.30"]
[SourceQuality "1"]

1. e4 e5 2. Nf3 Nc6 3. Bc4 Nf6 4. d3 Bc5 5. Bg5 d6 6. c3 a6 7. a4 Be6 8. Bxe6 fxe6 9. 0-0 0-0 10. d4 exd4 11. cxd4 Bb6 12. Nc3 Qe8 13. d5 exd5 14. Bxf6 dxe4 15. Re1 Rxf6 16. Nxe4 Rxf3 17. Qxf3 Qg6 18. Qb3+ Kh8 19. Qg3 Qf5 20. Kh1 Ne5 21. a5 Ba7 22. f4 Ng6 23. Rac1 Qxa5 24. b4 Qxb4 25. f5 Re8 26. fxg6 Rxe4 27. Rxe4 Qxe4 28. Qh3 1-0

[Event "Titled Tuesday intern op 10th Aug"]
[Site "Chess.com INT"]
[Date "2021.08.10"]
[Round "11"]
[White "Ambrogi, Agustin Tomas"]
[Black "Real de Azua, Ernesto"]
[Result "0-1"]
[WhiteElo "2280"]
[BlackElo "2440"]
[PlyCount "124"]
[EventDate "2021.08.10"]
[EventType "swiss (blitz)"]
[EventRounds "11"]
[EventCountry "USA"]
[SourceTitle "CBM 203 Extra"]
[Source "ChessBase"]
[SourceDate "2021.09.30"]
[SourceVersion "1"]
[SourceVersionDate "2021.09.30"]
[SourceQuality "1"]

1. e4 c6 2. d3 d5 3. Nd2 e5 4. Ngf3 Bd6 5. g3 Nf6 6. Bg2 0-0 7. 0-0 Re8 8. Re1 Nbd7 9. exd5 cxd5 10. c4 Nc5 11. Nb3 Bg4 12. h3 Bxf3 13. Bxf3 e4 14. dxe4 dxe4 15. Bg2 Nd3 16. Rf1 Qc7 17. Bg5 Nxb2 18. Qc2 Be5 19. Bxf6 Bxf6 20. Bxe4 Qxc4 21. Bxh7+ Kf8 22. Rab1 Qxc2 23. Bxc2 b6 24. Bf5 Rad8 25. Bg4 Na4 26. Rbc1 Nc3 27. Rc2 g6 28. Rfc1 Rd3 29. Kg2 a5 30. Nd2 Nd5 31. Ne4 Be5 32. Rc8 Rxc8 33. Rxc8+ Kg7 34. Re8 Bd4 35. Rd8 Nf6 36. Nxf6 Kxf6 37. Rd6+ Ke5 38. Rd7 f5 39. Bf3 Rd2 40. Rd5+ Ke6 41. a4 Rxf2+ 42. Kg1 Rxf3+ 43. Rxd4 Rxg3+ 44. Kf2 Rxh3 45. Rd8 Ra3 46. Rb8 Rxa4 47. Rxb6+ Kf7 48. Ke2 Kg7 49. Kd2 Kh6 50. Kc2 Re4 51. Kc3 Kg5 52. Kd3 Re5 53. Rb8 Re4 54. Kd2 a4 55. Kd3 a3 56. Ra8 Kf4 57. Kd2 g5 58. Rxa3 g4 59. Ra1 g3 60. Rf1+ Kg4 61. Kd3 Re8 62. Re1 Rxe1 0-1

[Event "Titled Tuesday intern op 20th July"]
[Site "Chess.com INT"]
[Date "2021.07.20"]
[Round "9"]
[White "Ambrogi, Agustin Tomas"]
[Black "Pedzich, Dominik"]
[Result "0-1"]
[WhiteElo "2280"]
[BlackElo "2373"]
[PlyCount "60"]
[EventDate "2021.07.20"]
[EventType "swiss (blitz)"]
[EventRounds "11"]
[EventCountry "USA"]
[SourceTitle "CBM 203 Extra"]
[Source "ChessBase"]
[SourceDate "2021.09.30"]
[SourceVersion "1"]
[SourceVersionDate "2021.09.30"]
[SourceQuality "1"]

1. e4 c5 2. Nc3 Nc6 3. Nf3 d6 4. Bb5 Bd7 5. 0-0 e6 6. Re1 Nf6 7. e5 Nxe5 8. Nxe5 dxe5 9. Rxe5 Bd6 10. Re1 0-0 11. d3 Qc7 12. h3 Rfe8 13. Bg5 Nd5 14. Bxd7 Qxd7 15. Ne4 Be7 16. Qf3 Bxg5 17. Nxg5 h6 18. Ne4 b6 19. a4 Nb4 20. Qe2 Rac8 21. b3 Nc6 22. Qd1 Nd4 23. Nd2 Qd5 24. Nc4 f6 25. Re4 e5 26. Qd2 Rb8 27. Rae1 Ne6 28. Ne3 Qd7 29. Nf5 Ng5 30. g4 Nf3+ 0-1

[Event "Titled Tuesday intern op 20th July"]
[Site "Chess.com INT"]
[Date "2021.07.20"]
[Round "11"]
[White "Nguyen, Hong Nhung"]
[Black "Ambrogi, Agustin Tomas"]
[Result "0-1"]
[WhiteElo "1697"]
[BlackElo "2280"]
[PlyCount "124"]
[EventDate "2021.07.20"]
[EventType "swiss (blitz)"]
[EventRounds "11"]
[EventCountry "USA"]
[SourceTitle "CBM 203 Extra"]
[Source "ChessBase"]
[SourceDate "2021.09.30"]
[SourceVersion "1"]
[SourceVersionDate "2021.09.30"]
[SourceQuality "1"]

1. e4 e5 2. Nf3 Nf6 3. Nxe5 Nc6 4. Nxc6 dxc6 5. Nc3 Bc5 6. Be2 h5 7. d3 Ng4 8. Bxg4 hxg4 9. Bf4 Qf6 10. Qd2 Be6 11. Bxc7 b5 12. Qf4 Qe7 13. Ne2 Rc8 14. Be5 f6 15. Bc3 b4 16. Bd4 Rd8 17. Bxc5 Qxc5 18. Rc1 a5 19. Qe3 Qb5 20. Nd4 Qe5 21. Nxc6 Qxb2 22. Nxd8 Kxd8 23. Qb6+ Ke7 24. Qc7+ Bd7 25. Qc5+ Kf7 26. 0-0 Be6 27. Qxa5 Kg6 28. c3 bxc3 29. Qxc3 Qb8 30. g3 Rh3 31. d4 Qh8 32. Rfd1 Rxh2 33. Kf1 Qh3+ 34. Ke2 Qg2 35. Qe3 Bd7 36. Rg1 Bb5+ 37. Kd2 Qxf2+ 38. Qxf2 Rxf2+ 39. Kc3 Rxa2 40. Kb4 Be2 41. d5 Bf3 42. Rce1 Rd2 43. Kc3 Ra2 44. Kd4 Ra4+ 45. Ke3 Rxe4+ 46. Kf2 Rd4 47. Ke3 Rxd5 48. Rc1 Kf5 49. Rc4 g5 50. Rgc1 Re5+ 51. Kf2 Re2+ 52. Kf1 Kg6 53. R4c2 Re3 54. Kf2 Ra3 55. Re1 Ra6 56. Re3 Ra8 57. Re7 Rh8 58. Ke3 Rh3 59. Re6 Rxg3 60. Rc8 Kf5 61. Ree8 Rg2 62. Kd4 Rd2+ 0-1

[Event "Titled Tuesday intern op 11th May"]
[Site "Chess.com INT"]
[Date "2021.05.11"]
[Round "11"]
[White "Ambrogi, Agustin Tomas"]
[Black "Belenkaya, Dina"]
[Result "1-0"]
[WhiteElo "2280"]
[BlackElo "2304"]
[PlyCount "81"]
[EventDate "2021.05.11"]
[EventType "swiss (blitz)"]
[EventRounds "11"]
[EventCountry "USA"]
[SourceTitle "CBM 202 Extra"]
[Source "ChessBase"]
[SourceDate "2021.07.31"]
[SourceVersion "1"]
[SourceVersionDate "2021.07.31"]
[SourceQuality "1"]

1. e4 d5 2. exd5 Qxd5 3. d4 Nf6 4. c4 Qd8 5. Nc3 c5 6. d5 Bf5 7. Nf3 e6 8. Bg5 Be7 9. Bd3 0-0 10. Bxf5 exf5 11. 0-0 Na6 12. Re1 h6 13. Bh4 g5 14. Nxg5 hxg5 15. Bxg5 Re8 16. d6 Qxd6 17. Qxd6 Bxd6 18. Bxf6 Nb4 19. Rxe8+ Rxe8 20. Rd1 Re6 21. Bg5 Nd3 22. b3 Nb4 23. g3 Be5 24. Nd5 Nxa2 25. Ne7+ Kh7 26. Rd7 Bd4 27. Nxf5 Kg6 28. Nxd4 cxd4 29. Bf4 Re4 30. f3 Re1+ 31. Kf2 Rd1 32. Ke2 Nc3+ 33. Kf2 d3 34. g4 d2 35. Rxd2 Rb1 36. Rd6+ Kh7 37. Be5 Rxb3 38. h4 Na4 39. Kg3 Nc5 40. h5 a5 41. Rd8 1-0

[Event "Titled Tuesday intern op 11th May"]
[Site "Chess.com INT"]
[Date "2021.05.11"]
[Round "6"]
[White "Ambrogi, Agustin Tomas"]
[Black "Stefanov, Plamen"]
[Result "1-0"]
[WhiteElo "2280"]
[BlackElo "2072"]
[PlyCount "99"]
[EventDate "2021.05.11"]
[EventType "swiss (blitz)"]
[EventRounds "11"]
[EventCountry "USA"]
[SourceTitle "CBM 202 Extra"]
[Source "ChessBase"]
[SourceDate "2021.07.31"]
[SourceVersion "1"]
[SourceVersionDate "2021.07.31"]
[SourceQuality "1"]

1. d4 Nf6 2. e3 g6 3. Nf3 Bg7 4. Be2 0-0 5. 0-0 d6 6. b3 Nbd7 7. Bb2 b6 8. c4 Bb7 9. Nc3 e5 10. d5 Nc5 11. Nd2 a5 12. a3 Qe7 13. b4 Ncd7 14. Nb5 Rfc8 15. Qc2 Ba6 16. Nc3 axb4 17. axb4 Bb7 18. Nde4 Nxe4 19. Nxe4 h6 20. Nc3 f5 21. e4 f4 22. Bg4 Rf8 23. Bxd7 Qxd7 24. f3 g5 25. h3 h5 26. Qe2 Rxa1 27. Rxa1 Ra8 28. Rxa8+ Bxa8 29. Ba3 c5 30. dxc6 Qxc6 31. b5 Qc7 32. Qd3 Bf8 33. Nd5 Bxd5 34. Qxd5+ Kg7 35. Qc6 Qf7 36. Bxd6 Bxd6 37. Qxd6 Qxc4 38. Qxe5+ Kg6 39. Qf5+ Kh6 40. Qf6+ Kh7 41. Qxg5 Qc1+ 42. Kh2 Qc5 43. Qxc5 bxc5 44. b6 c4 45. b7 c3 46. b8Q c2 47. Qc7+ Kh6 48. Qxc2 Kg5 49. Qc5+ Kh4 50. Qe7# 1-0

[Event "Titled Tuesday intern op 11th May"]
[Site "Chess.com INT"]
[Date "2021.05.11"]
[Round "5"]
[White "Prohorov, Olexandr"]
[Black "Ambrogi, Agustin Tomas"]
[Result "0-1"]
[WhiteElo "2086"]
[BlackElo "2280"]
[PlyCount "54"]
[EventDate "2021.05.11"]
[EventType "swiss (blitz)"]
[EventRounds "11"]
[EventCountry "USA"]
[SourceTitle "CBM 202 Extra"]
[Source "ChessBase"]
[SourceDate "2021.07.31"]
[SourceVersion "1"]
[SourceVersionDate "2021.07.31"]
[SourceQuality "1"]

1. e4 e5 2. Nf3 Nf6 3. Nxe5 Nc6 4. Nxc6 dxc6 5. e5 Ne4 6. Nc3 Qd4 7. Qe2 Bf5 8. Nxe4 Bxe4 9. d3 Bg6 10. c3 Qd5 11. d4 0-0-0 12. Qc4 Qe4+ 13. Qe2 Qd5 14. Bg5 f6 15. Bh4 c5 16. dxc5 Bxc5 17. b4 Bxb4 18. cxb4 Qd4 19. Rd1 Qxh4 20. g3 Qxb4+ 21. Rd2 Rhe8 22. f4 fxe5 23. Bh3+ Kb8 24. fxe5 Rxe5 25. Qxe5 Qxd2+ 26. Kf1 Rf8+ 27. Kg1 Qf2# 0-1

[Event "Titled Tuesday intern op 11th May"]
[Site "Chess.com INT"]
[Date "2021.05.11"]
[Round "7"]
[White "Tutisani, Noe"]
[Black "Ambrogi, Agustin Tomas"]
[Result "0-1"]
[WhiteElo "2419"]
[BlackElo "2280"]
[PlyCount "42"]
[EventDate "2021.05.11"]
[EventType "swiss (blitz)"]
[EventRounds "11"]
[EventCountry "USA"]
[SourceTitle "CBM 202 Extra"]
[Source "ChessBase"]
[SourceDate "2021.07.31"]
[SourceVersion "1"]
[SourceVersionDate "2021.07.31"]
[SourceQuality "1"]

1. e4 e5 2. Nf3 Nf6 3. Nxe5 Nc6 4. Nxf7 Kxf7 5. Nc3 d5 6. exd5 Nd4 7. Bc4 Bd6 8. 0-0 Bxh2+ 9. Kxh2 Ng4+ 10. Kg3 Nf5+ 11. Kf3 Nh4+ 12. Kg3 Qg5 13. d6+ Kg6 14. f4 Nf5+ 15. Kf3 Nh2+ 16. Kf2 Qg3+ 17. Kg1 Ng4 18. Rf3 Qh2+ 19. Kf1 Re8 20. Rh3 Ng3+ 21. Rxg3 Qh1# 0-1

[Event "Titled Tuesday intern op 11th May"]
[Site "Chess.com INT"]
[Date "2021.05.11"]
[Round "3"]
[White "Zarubitski, Viachaslau"]
[Black "Ambrogi, Agustin Tomas"]
[Result "1-0"]
[WhiteElo "2444"]
[BlackElo "2280"]
[PlyCount "82"]
[EventDate "2021.05.11"]
[EventType "swiss (blitz)"]
[EventRounds "11"]
[EventCountry "USA"]
[SourceTitle "CBM 202 Extra"]
[Source "ChessBase"]
[SourceDate "2021.07.31"]
[SourceVersion "1"]
[SourceVersionDate "2021.07.31"]
[SourceQuality "1"]

1. e4 e5 2. Nf3 Nf6 3. Nxe5 Nc6 4. Nf3 Nxe4 5. Nc3 Nxc3 6. dxc3 d5 7. Bf4 Bd6 8. Qd2 Qe7+ 9. Be2 Bxf4 10. Qxf4 0-0 11. Kd2 Re8 12. Rae1 Be6 13. Bd3 h6 14. h4 Rad8 15. Kc1 Qd6 16. Qxd6 Rxd6 17. Nd4 Nxd4 18. cxd4 Kf8 19. Kd2 b6 20. Re3 c5 21. c3 c4 22. Bc2 b5 23. a4 b4 24. cxb4 Rb8 25. b5 a6 26. bxa6 Rxb2 27. Rb1 Rxb1 28. Bxb1 Rxa6 29. Ra3 Bd7 30. a5 Bb5 31. Kc3 Rf6 32. Kb4 Ba6 33. f3 Rc6 34. Re3 f6 35. h5 Rc8 36. Bg6 Rb8+ 37. Kc5 c3 38. Rxc3 Rb5+ 39. Kd6 Rxa5 40. Rc7 Rb5 41. Ra7 Rb7 1-0